Plants that belong to citrus family (Rutaceae) - sudden death - Statistics

General Stats
  • This quiz has been taken 62 times
  • The average score is 8 of 13
Answers on the Grid
Answers color-coded by a green-red scale on the quiz's grid according to % correct below.
Mandarin
Lemon
Kiwi
Peach
Pomelo
Plum
Sichuan pepper
Black pepper
Sweet orange
Fig
Grapevine
Grapefruit
Persimmon
Bergamot
Apricot
Common rue
Peach
Bitter orange
Lime
Coconut tree
Apple
Kumquat
Kiwano
Olive
Mexican orange blossom
Date palm
Trifoliate orange
Watermelon
 
Answer Stats
Answer % Correct
Lemon
100%
Mandarin
94%
Sweet orange
77%
Bitter orange
71%
Grapefruit
71%
Lime
69%
Pomelo
69%
Kumquat
63%
Trifoliate orange
60%
Mexican orange blossom
51%
Bergamot
49%
Common rue
14%
Sichuan pepper
11%
No matching quizzes found
Score Distribution
Percent of People with Each Score
Percentile by Number Answered
Your Score History
You have not taken this quiz